Análisis de al situación alimentaria - nutricional en Costa Rica

Uloženo v:
Podrobná bibliografie
Hlavní autor: Sáenz, Lenin
Médium: Neznámo
Vydáno: Heredia :
Tagy: Přidat tag
Žádné tagy, Buďte první, kdo vytvoří štítek k tomuto záznamu!

MARC

LEADER 00000 a2200000 04500
001 15189
003 @
008 991231s d
003 @
040 |a CRAI/IIS  |c CRAI/IIS 
090 |a 174601  
100 |a Sáenz, Lenin  
245 |a Análisis de al situación alimentaria - nutricional en Costa Rica  
260 |a Heredia :  
999 |c 76  |d 76